| 000 | 00369nam a2200157Ia 4500 | ||
|---|---|---|---|
| 003 | Ost | ||
| 005 | 20260225132547.0 | ||
| 008 | 260225s9999||||xx |||||||||||||| ||und|| | ||
| 040 | _cfsic | ||
| 041 | _afre | ||
| 082 | _a440 | ||
| 100 |
_aMoulay Belhamissi _eAuteur |
||
| 245 | 0 | _aAlger : | |
| 245 | 0 |
_bla ville aux milles canons / _cMoulay Belhamissi |
|
| 942 | _cكتاب | ||
| 999 |
_c33907 _d33907 |
||